Southville International School and Colleges
Your cart is empty.
  • Cart
  • Lists
    Public lists Eva Luna New books Lux_list list_1
    Your lists Log in to create your own lists
  • Log in to your account
  • Your cookies
  • Search history
Southville International School and Colleges
  • Advanced search
  • Recent comments
  • Most popular
  • Libraries

Log in to your account

Log in with GOOGLE


If you do not have an external account, but do have a local account, you can still log in:

  1. Home
  2. MARC view: Firehouse :
Normal view MARC view ISBD view

Firehouse : (Record no. 111335)

[ view plain ]
MARC details
000 -LEADER
fixed length control field 00806nam a2200217 a 4500
001 - CONTROL NUMBER
control field 3785
005 - DATE AND TIME OF LATEST TRANSACTION
control field 20140414131914.0
008 - FIXED-LENGTH DATA ELEMENTS--GENERAL INFORMATION
fixed length control field 061012s19uu xx 00 eng d
020 ## - INTERNATIONAL STANDARD BOOK NUMBER
International Standard Book Number 0-394-86029-2
050 ## - LIBRARY OF CONGRESS CALL NUMBER
Classification number ER
Item number Se7 1983
100 ## - MAIN ENTRY--PERSONAL NAME
Personal name Elliott, Dan
245 ## - TITLE STATEMENT
Title Firehouse :
Remainder of title a visit to . . /
Statement of responsibility, etc by Dan Elliott ; illustrated by Joe Mathieu.
260 ## - PUBLICATION, DISTRIBUTION, ETC. (IMPRINT)
Place of publication, distribution, etc Canada :
Name of publisher, distributor, etc Random House / Children's Television Workshop,
Date of publication, distribution, etc 1983.
300 ## - PHYSICAL DESCRIPTION
Extent p. : ill. ; cm. cm.
440 ## - SERIES STATEMENT/ADDED ENTRY--TITLE
Title CTW/Sesame Street
520 ## - SUMMARY, ETC.
Summary, etc The fire chief shows the Sesame Street characters how fire fighters fight fires and equipment at the firehouse.
650 ## - SUBJECT ADDED ENTRY--TOPICAL TERM
Topical term or geographic name as entry element Fire stations
General subdivision Juvenile literature.
650 ## - SUBJECT ADDED ENTRY--TOPICAL TERM
Topical term or geographic name as entry element Fire extinction
General subdivision Juvenile literature.
650 ## - SUBJECT ADDED ENTRY--TOPICAL TERM
Topical term or geographic name as entry element Fire departments
General subdivision Juvenile literature.
Holdings
Withdrawn status Lost status Damaged status Use restrictions Home library Current library Shelving location Date acquired Source of acquisition Total Checkouts Full call number Barcode Date last seen Price effective from Koha item type
        Munich Library Munich Library Easy Reading Section 10/12/2006     ER Se7 1983 M2012 04/14/2014 04/14/2014 Books

Firehouse :

APA

Elliott D., . (1983). Firehouse. Canada: Random House / Children's Television Workshop.

Chicago

Elliott Dan, . 1983. Firehouse. Canada: Random House / Children's Television Workshop.

Harvard

Elliott D., . (1983). Firehouse. Canada: Random House / Children's Television Workshop.

MLA

Elliott Dan, . Firehouse. Canada: Random House / Children's Television Workshop. 1983.

  • Place hold
  • Print
  • Cite
  • Add to your cart (remove)
  • Save record
    BIBTEX Dublin Core MARCXML MARC (non-Unicode/MARC-8) MARC (Unicode/UTF-8) MARC (Unicode/UTF-8, Standard) MODS (XML) RIS
  • More searches
    Search for this title in:
    Other Libraries (WorldCat) Other Databases (Google Scholar) Online Stores (Bookfinder.com) Open Library (openlibrary.org)

Exporting to Dublin Core...

SOUTHVILLE LIBRARY

Southville International School and Colleges Library

1281 Tropical Ave. Cor. Luxembourg St., BF Homes International, Las Pinas City

Tel. No. 8256374 / 252358 Loc. 117/146

Powered by Koha